Контракты французской труппы актрис Мере и Буфф ди Туссен

Доступно только в Электронных читальных залах Найти на картеНа карте
RUSMARC
00003628nmc2a22000003x 450
001abe5fe88-17eb-46cc-9539-3a3d38416515
00520181128205012.0
100##$a20170110l18251825k l0rusy0189 ca
1010#$arus
$afre
102##$aRU
2001#$aКонтракты французской труппы актрис Мере и Буфф ди Туссен
$j27 сентября 1825 г.
251##$cДело
300##$aНа русском и французском языках
801#0$aRU
$bРГИА
$c20170110
$gRCR
801#1$aRU
$bГлавНИВЦ
$c20170110
$2rusmarc
801#2$aRU
$bПБ им. Б.Н. Ельцина
$c20181128
$gRCR
$2rusmarc
850##$aРГИА
852##$aРГИА
$eФедеральное казенное учреждение "Российский государственный исторический архив" (РГИА)
$j2815
937##$hРГИА
$d12238928
$aASBIBLIO_SCAN
462#0$1001dd3991dc-24e1-42ec-8838-ca4255420416
$12001
$a1746-1850 гг.
$1251
$cОпись
$1852
$j1
461#0$10019264ebf8-de62-4f1a-9eb4-9f22098dbbd5
$12001
$aДирекция императорских театров МИДв
$1251
$cФонд
$1852
$j497
215##$a5 л.
$d36,5х26 см
371##$aДокумент не является опубликованным и широко распространяемым
105##$ay###
1220#$ad
035##$aabe5fe88-17eb-46cc-9539-3a3d38416515
856##$uhttp://readingroom.main.prlib.ru/item.aspx?id_node=n121104277&mode=full
Формат отображения